000 00316nam a2200133Ia 4500
005 20260328104334.0
008 260328s9999||||xx |||||||||||||| ||und||
100 _aParicio, Ignacio
245 0 _aEl Vidrio Estructural /
_cIgnacio Paricio
260 _bBisagra
300 _a83 p.
650 _aVIDRIO
942 _cBK
999 _c11844
_d11844